[Event "Birzai-ch"]
[Site "Birzai"]
[Date "2011.11.23"]
[Round "6"]
[White "Burokas, Deivydas"]
[Black "Arlikevicius, Lukas"]
[Result "0-1"]
[WhiteElo "2001"]
[BlackElo "1995"]
[PlyCount "44"]
[EventDate "2011.11.07"]
[EventType "swiss"]
[EventRounds "9"]
[EventCountry "LTU"]
[SourceTitle "EXT 2013"]
[Source "ChessBase"]
[SourceDate "2012.11.22"]
[SourceVersion "1"]
[SourceVersionDate "2012.11.22"]
[SourceQuality "1"]

1. d4 d5 2. Nf3 Nc6 3. c4 Nf6 4. Nc3 Bg4 5. e3 e6 6. Be2 Bb4 7. Bd2 dxc4 8. Bxc4 Bxc3 9. Bxc3 Ne4 10. Rc1 Nxc3 11. Rxc3 Qe7 12. 0-0 0-0 13. Be2 Rad8 14. Qb3 e5 15. Re1 exd4 16. exd4 Bxf3 17. gxf3 Nxd4 18. Qc4 Rfe8 19. Kf1 Qh4 20. Qxc7 Qh3+ 21. Kg1 Nxe2+ 22. Rxe2 Rd1+ 0-1

[Event "Birzai-ch"]
[Site "Birzai"]
[Date "2011.11.21"]
[Round "5"]
[White "Simas, Boleslovas"]
[Black "Burokas, Deivydas"]
[Result "1/2-1/2"]
[WhiteElo "1878"]
[BlackElo "2001"]
[PlyCount "49"]
[EventDate "2011.11.07"]
[EventType "swiss"]
[EventRounds "9"]
[EventCountry "LTU"]
[SourceTitle "EXT 2013"]
[Source "ChessBase"]
[SourceDate "2012.11.22"]
[SourceVersion "1"]
[SourceVersionDate "2012.11.22"]
[SourceQuality "1"]

1. e4 c6 2. d4 d5 3. Nc3 Nf6 4. Bd3 dxe4 5. Nxe4 Qxd4 6. Nf3 Qd8 7. Nxf6+ exf6 8. Qe2+ Be7 9. 0-0 0-0 10. Qe4 f5 11. Qd4 Qxd4 12. Nxd4 g6 13. Bh6 Rd8 14. Nf3 Be6 15. Rfe1 Bf6 16. Bg5 Nd7 17. Bxf6 Nxf6 18. Ng5 Bd7 19. Bc4 Be8 20. Re7 Rd7 21. Rae1 h6 22. Bxf7+ Bxf7 23. Nxf7 Re8 24. Rxe8+ Nxe8 25. Ne5 1/2-1/2

[Event "Birzai-ch"]
[Site "Birzai"]
[Date "2011.11.07"]
[Round "1"]
[White "Vaidinauskaite, Raminta"]
[Black "Burokas, Deivydas"]
[Result "0-1"]
[WhiteElo "1720"]
[BlackElo "2001"]
[PlyCount "86"]
[EventDate "2011.11.07"]
[EventType "swiss"]
[EventRounds "9"]
[EventCountry "LTU"]
[SourceTitle "EXT 2013"]
[Source "ChessBase"]
[SourceDate "2012.11.22"]
[SourceVersion "1"]
[SourceVersionDate "2012.11.22"]
[SourceQuality "1"]

1. e4 c6 2. Nc3 d5 3. f3 e6 4. d3 Bb4 5. Bd2 Ne7 6. a3 Bc5 7. g3 0-0 8. Nge2 Ng6 9. Nf4 Qf6 10. Nxg6 Qxg6 11. Qe2 Nd7 12. 0-0-0 d4 13. Na2 e5 14. Rg1 Qd6 15. f4 Bxa3 16. Re1 Bc5 17. h3 f6 18. f5 b5 19. g4 b4 20. b3 a5 21. h4 a4 22. g5 axb3 23. cxb3 Rxa2 24. g6 h6 25. Qh5 Rxd2 26. Kxd2 Ba6 27. Kd1 Bxd3 28. Bxd3 Bb6 29. Bc4+ Kh8 30. Rg2 Ra8 31. Kd2 Ra2+ 32. Kd1 Rxg2 33. Rh1 Nc5 34. Qf3 Rb2 35. Rf1 d3 36. Rf2 Rb1+ 37. Kd2 Nxb3+ 38. Bxb3 Bxf2 39. Bc4 Qc5 40. Bxd3 Qc1+ 41. Ke2 Rb2+ 42. Bc2 Rxc2+ 43. Kd3 Qd2# 0-1